LEADER 03704cam a2200877 i 4500
001 101852
003 CZ PrNK
005 20240502142229.0
007 ta
008 221103s2022 xr ach e 000 0acze d
015 |a cnb003474821 
020 |a 9788074704185  |q (vázáno) :  |c Kč 699,00 
040 |a ULG001  |b cze  |d ABA001  |e rda 
041 1 |a cze  |k eng  |h ger 
072 7 |a 316.7  |x Sociologie kultury. Kulturní život  |2 Konspekt  |9 1 
072 7 |a 929  |x Biografie  |2 Konspekt  |9 8 
080 |a 72/76.071.1-055.2  |2 MRF 
080 |a (=112.2)-055.2  |2 MRF 
080 |a 316.356.2-055.5  |2 MRF 
080 |a 316.728  |2 MRF 
080 |a 355:316.3  |2 MRF 
080 |a 94(100)"1939/1945"  |2 MRF 
080 |a 930:17.024.3  |2 MRF 
080 |a 929  |2 MRF 
080 |a (73)  |2 MRF 
080 |a (430.127)  |2 MRF 
080 |a (0:82-94)  |2 MRF 
080 |a (084.11)  |2 MRF 
080 |a (0.027.6)74/77  |2 MRF 
100 1 |a Krug, Nora,  |d 1977-  |7 pna20191040857  |4 aut  |9 114255 
240 1 0 |a Heimat.  |l Česky 
245 1 0 |a Heimat :  |b německé rodinné album /  |c Nora Krugová ; přeložila Tereza Tomášová 
250 |a Vydání první 
264 1 |a Praha :  |b Filip Tomáš - Akropolis,  |c 2022 
300 |a 285 nečíslovaných stran :  |b ilustrace (převážně barevné), portréty, faksimile ;  |c 27 cm 
336 |a text  |b txt  |2 rdacontent 
336 |a statický obraz  |b sti  |2 rdacontent 
337 |a bez média  |b n  |2 rdamedia 
338 |a svazek  |b nc  |2 rdacarrier 
500 |a Přeloženo z anglické verze německého originálu? 
504 |a Obsahuje bibliografii 
546 |a Český text 
600 1 7 |a Krug, Nora,  |d 1977-  |7 pna20191040857  |2 czenas  |9 114255 
648 7 |a 20.-21. století  |7 ch462155  |2 czenas  |9 53009 
648 7 |a 1933-1945  |7 ch500562  |2 czenas  |9 53014 
648 7 |a 1939-1945  |7 ch460653  |2 czenas  |9 52982 
650 0 7 |a výtvarnice  |7 ph165787  |y 20.-21. století  |z Spojené státy americké  |2 czenas 
650 0 7 |a Němky  |7 ph964260  |y 20.-21. století  |z Spojené státy americké  |2 czenas 
650 0 7 |a výtvarnice  |7 ph165787  |x partnerské a rodinné vztahy  |2 czenas 
650 0 7 |a předkové  |7 ph1000916  |y 1933-1945  |z Německo  |2 czenas 
650 0 7 |a každodenní život  |7 ph121555  |y 1933-1945  |z Německo  |2 czenas 
650 0 7 |a válka a společnost  |7 ph268224  |y 1939-1945  |z Německo  |2 czenas 
650 0 7 |a druhá světová válka (1939-1945)  |7 ph117270  |z Německo  |2 czenas 
650 0 7 |a vyrovnání se s minulostí  |7 ph210129  |2 czenas 
650 0 9 |a women artists  |y 20th-21st centuries  |z United States  |2 eczenas 
650 0 9 |a German women  |y 20th-21st centuries  |z United States  |2 eczenas 
650 0 9 |a women artists  |x partner and family relationships  |2 eczenas 
650 0 9 |a forefathers  |y 1933-1945  |z Germany  |2 eczenas 
650 0 9 |a everyday life  |y 1933-1945  |z Germany  |2 eczenas 
650 0 9 |a war and society  |y 1939-1945  |z Germany  |2 eczenas 
650 0 9 |a World War (1939-1945)  |z Germany  |2 eczenas 
650 0 9 |a coming to terms with the past  |2 eczenas 
651 7 |a Kűlsheim (Bádensko-Württembersko, Německo)  |7 ge077199  |2 czenas 
651 9 |a Kűlsheim (Baden-Württemberg, Germany)  |2 eczenas 
655 7 |a autobiografické vzpomínky  |7 fd131854  |2 czenas  |9 53458 
655 7 |a obrazové publikace  |7 fd132947  |2 czenas  |9 53754 
655 7 |a autorské knihy  |7 fd756049  |2 czenas  |9 54984 
655 9 |a autobiographical reminiscences  |2 eczenas 
655 9 |a pictorial works  |2 eczenas 
655 9 |a authors' books  |2 eczenas 
700 1 |a Tomášová, Tereza  |4 trl 
765 0 8 |i Název anglické verze:  |t Belonging 
910 |a UOG502 
942 |2 ddc  |c KN 
999 |d 101852 
993 |0 0  |1 421180102379  |2 ddc  |4 0  |7 0  |9 93108  |b 0  |c 102379  |d 2024-05-02  |e 7  |f DOSP  |h 699.00  |i Koupě  |l DOSP  |m 8  |r 2025-01-22  |s 2024-11-05  |t 6  |w 2024-05-02  |y KN  |z KOMIKS  |n